ბათუმის შოთა რუსთაველის სახელმწიფო უნივერსიტეტის ბიბლიოთეკა

Памятники Афинского Акрополя : (ბიბ.ჩანაწერი № 60984)

000 -LEADER
fixed length control field 00680nam a22001697a 4500
005 - DATE AND TIME OF LATEST TRANSACTION
control field 20231204113955.0
008 - FIXED-LENGTH DATA ELEMENTS--GENERAL INFORMATION
fixed length control field 231204s1973 ru ||||| |||| 00| 0 rus d
041 ## - LANGUAGE CODE
Language code of text/sound track or separate title rus
080 ## - UNIVERSAL DECIMAL CLASSIFICATION NUMBER
Universal Decimal Classification number 72.032(495.112) Б-89
100 ## - MAIN ENTRY--PERSONAL NAME
Personal name Брунов, Н.И.
9 (RLIN) 20563
245 ## - TITLE STATEMENT
Title Памятники Афинского Акрополя :
Remainder of title Парфенон и Эрехтейон /
Statement of responsibility, etc. Н.И. Брунов.
264 ## - PRODUCTION, PUBLICATION, DISTRIBUTION, MANUFACTURE, AND COPYRIGHT NOTICE
Place of production, publication, distribution, manufacture М.:
Name of producer, publisher, distributor, manufacturer «Искусство».
Date of production, publication, distribution, manufacture, or copyright notice 1973.
300 ## - PHYSICAL DESCRIPTION
Extent 174 c.:
Other physical details ил.;
Dimensions 22 см.
653 ## - INDEX TERM--UNCONTROLLED
keyword ათენის აკროპოლისის ძეგლები
653 ## - INDEX TERM--UNCONTROLLED
keyword პართენონი და ერეხთეონი
942 ## - ADDED ENTRY ELEMENTS (KOHA)
Source of classification or shelving scheme
Koha item type წიგნი
ეგზემპლარები
Withdrawn status Lost status Source of classification or shelving scheme Damaged status Not for loan Permanent Location Current Location Shelving location Date acquired Cost, normal purchase price Full call number Barcode Date last seen Copy number Uniform Resource Identifier Price effective from Koha item type Public note
          ბათუმის შოთა რუსთაველის სახელმწიფო უნივერსიტეტის მთავარი ბიბლიოთეკა ბათუმის შოთა რუსთაველის სახელმწიფო უნივერსიტეტის მთავარი ბიბლიოთეკა წიგნსაცავი 2023-12-04 8.00 72.032(495.112) Б-89 65505 2023-12-04 65505 ბსუ-ს საპატიო დოქტორის გურამ ლორთქიფანიძის საჩუქარი 2023-12-04 წიგნი 8 ლ.